Statistics for Vlajky zemí začínající na Č nebo Ch

Click here to take the quiz!

General Stats

  • This quiz has been taken 22 times
  • The average score is 5 of 6

Answer Stats

Answer% Correct
Čína
100%
Čad
93%
Česká Republika
93%
Chile
93%
Chorvatsko
87%
Černá Hora
80%

Score Distribution

Percentile by Number Answered

Percent of People with Each Score

Your Score History

You have not taken this quiz